000 00509 a2200205 4500
005 20250509124551.0
008 250509b |||||||| |||| 00| 0 eng d
020 _a9789393393692
_cRs. 1000.00
040 _aMAIN
082 _a612
_bN294A
100 _aNeeraj Kumar
245 _aAnatomy and physiology of human body
260 _bKhel Sahitya Kendra
_c2023
_aNew Delhi
300 _a218
650 _aAnatomy
650 _aPhysiology
650 _aHuman Body
700 _aGarg, R P
942 _cBK
999 _c359261
_d359261